000 00576nam a2200205 i 4500
001 100589
003 ES-MaACL
005 20230906182713.0
007 t|
008 050929s1957 sp ||||1| spa d
100 1 _aMasters, John.
_978869
245 1 0 _aCoromandel /
_cJohn Masters; [versión española de Felix Monteagudo].
260 _aBarcelona :
_bLuis de Caralt,
_c1957.
300 _a342 p. ;
_c20 cm.
490 1 _aGigante
700 0 _aMonteagudo, Félix.
_982423
830 0 _aGigante
_9181050
852 _aES-MaACL
_jC-14489
_bR.41152
999 _c100589
_d100589